Religion Quiz

Random Religion or Bible Quiz

Bible Books - Old Testament Quiz Stats

 Plays Quiz Updated Jul 16, 2015

Score 0/39 Timer 08:00
65 Plays Today
% Correct
Genesis
97.3%
Exodus
94%
Leviticus
90.3%
Numbers
88.7%
Psalms
86.6%
Deuteronomy
86.4%
Ruth
81.5%
Job
78.1%
Proverbs
75.1%
1 Kings
74.7%
2 Kings
74.7%
Judges
74.3%
Joshua
73%
Song of Solomon
72.2%
Isaiah
70.2%
1 Samuel
68.4%
Esther
68.4%
2 Samuel
68.3%
Daniel
65.7%
Jeremiah
65%
% Correct
1 Chronicles
64.1%
2 Chronicles
64.1%
Ezekiel
64%
Ezra
61.3%
Jonah
59.2%
Ecclesiastes
58.7%
Nehemiah
58.2%
Malachi
56.7%
Amos
54.5%
Lamentations
54.3%
Micah
54.2%
Obadiah
51.3%
Hosea
50.9%
Joel
49.1%
Habakkuk
48.8%
Zechariah
47.4%
Zephaniah
45.4%
Nahum
44.5%
Haggai
43.6%

You're not logged in!

Compare scores with friends on all Sporcle quizzes.
OR
Log In

Sporcle TV

Today on Sporcle TV


Watch our educational content, quiz creation guides, and fun videos on Sporcle TV.

Show Comments

Extras

Top Quizzes Today


Score Distribution

Your Account Isn't Verified!

In order to create a playlist on Sporcle, you need to verify the email address you used during registration. Go to your Sporcle Settings to finish the process.

Report this User

Report this user for behavior that violates our Community Guidelines.

Details: